| 000 | 00709cam a2200229 a 4500 | ||
|---|---|---|---|
| 001 | 4472450 | ||
| 005 | 20180124071616.0 | ||
| 008 | 960815s1997 maua b 001 0 eng | ||
| 010 | _a 96038503 | ||
| 020 | _a0792397843 (alk. paper) | ||
| 040 |
_aDLC _cDLC _dDLC |
||
| 041 | _aeng | ||
| 080 | _a006.6 PRA | ||
| 082 | 0 | 0 |
_a006.6 PRA _220 |
| 100 | 1 | _a28 | |
| 101 | _aSHK | ||
| 245 | 1 | 0 |
_aMultimedia database management systems / _cB. Prabhakaran. |
| 504 | _aIncludes bibliographical references (p. 183-197) and index. | ||
| 906 |
_a7 _bcbc _corignew _d1 _eocip _f19 _gy-gencatlg |
||
| 942 |
_2ddc _cBK |
||
| 999 |
_c40854 _d40854 |
||